|
|
|
|
| LEADER |
01139naa a2200217 i 4500 |
| 001 |
publ28534 |
| 005 |
20231030115442.0 |
| 008 |
231030s2019 hu o 0|| Angol d |
| 020 |
|
|
|a 9789633066782
|
| 024 |
7 |
|
|a 30822949
|2 mtmt
|
| 040 |
|
|
|a SZTE Publicatio Repozitórium
|b hun
|
| 041 |
|
|
|a Angol
|
| 100 |
1 |
|
|a Somosi Sarolta
|
| 245 |
1 |
0 |
|a Community relevance and built-in escape clauses in health policy implementation
|h [elektronikus dokumentum] /
|c Somosi Sarolta
|
| 260 |
|
|
|a University of Szeged Faculty of Economics and Business Administration Doctoral School in Economics
|b Szeged
|c 2019
|
| 300 |
|
|
|a 15
|
| 300 |
|
|
|a 263-277
|
| 490 |
0 |
|
|a Proceedings of the 3rd Central European PhD Workshop on Economic Policy and Crisis Management
|
| 650 |
|
4 |
|a Közgazdasági és gazdálkodástudományok
|
| 856 |
4 |
0 |
|u http://publicatio.bibl.u-szeged.hu/28534/2/community_relevance_and_gates_in_health_policy_implementation___proceedings_of_the_3rd_central_european_phd_workshop_on_economic_policy_and_crisis_management.pdf
|z Dokumentum-elérés
|
| 856 |
4 |
0 |
|u http://publicatio.bibl.u-szeged.hu/28534/5/30822949_c%C3%ADmlap_tartalom.pdf
|z Dokumentum-elérés
|